000 00452nam a2200181Ia 4500
005 20260429111940.0
008 260429s9999||||xx |||||||||||||| ||und||
020 _a9789370445444
041 _aEnglish
082 _a551
_bSIN
100 _aSingh, S.K.
245 0 _aBasics of geology /
_cS.K. Singh
260 _aNew Delhi :
_bAsia Publishers,
_c2026.
300 _aix, 268 p.; hb
650 _a Geology
650 _aEarth science
942 _cTB
999 _c51570
_d51570